|
|
|
|
| LEADER |
00000nam0a2200000 4500 |
| 001 |
367579 |
| 005 |
20231102012009.0 |
| 035 |
|
|
|a (RuTPU)RU\TPU\retro\24942
|
| 090 |
|
|
|a 367579
|
| 100 |
|
|
|a 20220316d1979 km y0rusy50 ca
|
| 101 |
0 |
|
|a rus
|
| 102 |
|
|
|a KZ
|
| 105 |
|
|
|a a z 001zy
|
| 200 |
1 |
|
|a Металлургическая переработка марганцевых руд Центрального Казахстана
|f Е. А. Букетов, Т. Г. Габдуллин, Т. Д. Такенов
|g Академия наук Казахской ССР, Химико-металлургический институт
|
| 210 |
|
|
|a Алма-Ата
|c Наука
|d 1979
|
| 215 |
|
|
|a 184 с.
|c ил.
|
| 320 |
|
|
|a Библиогр.: с. 174-181
|
| 606 |
1 |
|
|a Марганцевые руды
|x Переработка
|2 stltpush
|3 (RuTPU)RU\TPU\subj\41028
|9 60850
|
| 610 |
1 |
|
|a металлургия
|
| 610 |
1 |
|
|a Центральный Казахстан
|
| 610 |
1 |
|
|a марганцевые сплавы
|
| 610 |
1 |
|
|a физико-химические свойства
|
| 610 |
1 |
|
|a механические свойства
|
| 610 |
1 |
|
|a марганцевые ферросплавы
|
| 610 |
1 |
|
|a технологические схемы
|
| 675 |
|
|
|a 669.74
|v 4
|
| 700 |
|
1 |
|a Букетов
|b Е. А.
|g Евней Арстанович
|
| 701 |
|
1 |
|a Габдуллин
|b Т. Г.
|g Токен Габдуллович
|
| 701 |
|
1 |
|a Такенов
|b Т. Д.
|g Турган Джумабаевич
|
| 712 |
0 |
2 |
|a Академия наук Казахской ССР
|b Химико-металлургический институт
|c (Караганда)
|2 stltpush
|3 (RuTPU)RU\TPU\col\7909
|9 24413
|
| 801 |
|
1 |
|a RU
|b 63413507
|c 20220316
|
| 942 |
|
|
|c BK
|